• 首页
  • 本馆介绍
  • 公告通知
  • 最新文献
  • 馆藏检索
  • 电子资源
  • 读者导购
  • 参考咨询
  • 我的图书馆
  • 登录
  • 详细信息显示
  • 放入我的书架
  • 预约/预借图书
  • 作者相关作品
  • 分类相关作品
  • 丛书相关作品
  • 出版社相关作品

书目信息

  • 表格格式
  • 工作单格式
  • 卡片格式
题名:
中小商业银行跨区域发展的经济效应评估及监管政策研究
    
 
作者: 欧阳青东 , 陈雨花 著
分册:  
出版信息: 北京   中国经济出版社  2019.12
页数: 245页
开本: 24cm
丛书名:
单 册:
中图分类: F832.33
科图分类:
主题词: 商业银行--shang ye yin hang--银行发展--研究--中国
电子资源:
ISBN: 978-7-5136-5996-3
000 01598nam0 2200265 450
001 2158044069
005 20211011172911.0
010    @a978-7-5136-5996-3@dCNY92.00
100    @a20201211d2019 em y0chiy0120 ea
101 0  @achi
102    @aCN@b110000
105    @ay z 001yy
106    @ar
200 1  @a中小商业银行跨区域发展的经济效应评估及监管政策研究@Azhong xiao shang ye yin hang kua qu yu fa zhan de jing ji xiao ying ping gu ji jian guan zheng ce yan jiu@f欧阳青东,陈雨花著
210    @a北京@c中国经济出版社@d2019.12
215    @a245页@d24cm
300    @a镜湖文库
300    @a本书获国家社会科学基金项目、广西高校科学技术研究项目、自治区级协同创新中心——陆海经济一体化协同创新中心、广西高校人文社会科学研究基地——广西金融与经济研究院、广西高等学校高水平创新团队及卓越学者计划、广西一流学科(培育)——应用经济学的资助
330    @a本书的主要内容有:商业银行跨区域发展的理论基础。金融对现代经济增长发挥着重要作用,这种作用始于学界对金融发展与经济增长关系、金融功能等的探索。因此,本书首先沿着时间脉络回顾、归纳总结了现代金融发展理论的代表性理论,包括金融发展观和金融结构论、金融抑制轮和金融约束论、金融功能观和金融排斥论。针对我国商业银行主导的金融业结构,阐述了商业银行资本积累、资源配置和技术创新机制,分析商业银行发展与经济增长的有机联系,分析商业银行跨区域发展的效率效应、风险管理效应及市场竞争效应,并提出本书的理论分析框架。
606 0  @a商业银行@Ashang ye yin hang@x银行发展@x研究@y中国
690    @aF832.33@v5
701  0 @a欧阳青东@Aou yang qing dong@4著
701  0 @a陈雨花@Achen yu hua@4著
801  0 @aCN@b百万庄@c20211007
905    @b1307169-172@dF832.33@e210@f4
    
    中小商业银行跨区域发展的经济效应评估及监管政策研究/欧阳青东,陈雨花著.-北京:中国经济出版社,2019.12
    245页;24cm
    镜湖文库.-本书获国家社会科学基金项目、广西高校科学技术研究项目、自治区级协同创新中心——陆海经济一体化协同创新中心、广西高校人文社会科学研究基地——广西金融与经济研究院、广西高等学校高水平创新团队及卓越学者计划、广西一流学科(培育)——应用经济学的资助
    
    ISBN 978-7-5136-5996-3:CNY92.00
    本书的主要内容有:商业银行跨区域发展的理论基础。金融对现代经济增长发挥着重要作用,这种作用始于学界对金融发展与经济增长关系、金融功能等的探索。因此,本书首先沿着时间脉络回顾、归纳总结了现代金融发展理论的代表性理论,包括金融发展观和金融结构论、金融抑制轮和金融约束论、金融功能观和金融排斥论。针对我国商业银行主导的金融业结构,阐述了商业银行资本积累、资源配置和技术创新机制,分析商业银行发展与经济增长的有机联系,分析商业银行跨区域发展的效率效应、风险管理效应及市场竞争效应,并提出本书的理论分析框架。
●
相关链接 在E读中查询图书 在五车中查询图书 在当当中查询图书 在豆瓣中查询图书


正题名:中小商业银行跨区域发展的经济效应评估及监管政策研究     索取号:F832.33/210         预约/预借

序号 登录号 条形码 馆藏地/架位号 状态 备注
1 1307169   213071691   第一样本阅览室/ [索取号:F832.33/210] 在馆    
2 1307170   213071708   第一借阅区/ [索取号:F832.33/210] 在馆    
3 1307171   213071717   第一借阅区/ [索取号:F832.33/210] 在馆    
4 1307172   213071726   第一借阅区/ [索取号:F832.33/210] 在馆    
唐山师范学院图书馆 欢迎您!
大连网信软件有限公司© 版权所有